000 00370nam a2200145Ia 4500
008 231217s9999 xx 000 0 und d
041 _aEnglish
082 _a001.6424UNI DAS
100 _aDas, Sumitabha
245 0 _aUnix : concepts and applications
260 _c1998
_bTMH
_aNew Delhi
300 _axix+565
650 _aUnix,:,concept,application
942 _cAA
999 _c172434
_d172434